000 01836nam0a22003971 4500
001 rc\777574
005 20040301143157.2
035 _a(NLR Aleph) 006303642
090 _a7277654
_c7277654
100 _a20040301d1983 u |0rusy50 ca
101 0 _arus
102 _aRU
105 _aa |||||||||
200 1 _aАрмянские поэты нового времени
_fСост., биогр. справки, примеч. М.Г. Джанполадян, А.С. Шаруряна
_gВступ. ст. Э.М. Джрбаняна, с. 5-64
_gРед. стихотвор. пер. Е.М. Николаевской
210 _aЛ.
_cСов. писатель. Ленингр. отд-ние
_d1983
215 _a559 с.
_cпортр.
_d21
225 1 _aБиблиотека поэта
_eОсн. М. Горьким
_iБольшая серия
_e2-е изд.
300 _aРедкол. сер.: Ю.А. Андреев (гл. ред.) и др.
327 0 _aАвт.: Г. Алишан, М. Пешикташлян, П. Дурян, Сипил, Р. Ворберян, В. Текеян, А. Ярджанян (Сиаманто), Д. Варужан, Р. Севак, М. Мецаренц, М. Зарифян
464 0 _1700#1$aАлишан$bГ.
464 0 _1700#1$aПешикташлян$bМ.
464 0 _1700#1$aДурян$bП.
464 0 _1700#0$aСипил
464 0 _1700#1$aВорберян$bР.
464 0 _1700#1$aТекеян$bВ.
464 0 _1700#1$aЯрджанян$bА.$cСиаманто
464 0 _1700#1$aВаружан$bД.
464 0 _1700#1$aСевак$bР.
464 0 _1700#1$aМецаренц$bМ.
464 0 _1700#1$aЗарифян$bМ.
702 1 _aДжанполадян
_bМ. Г.
_4220
801 0 _aRU
_bNLR
_gpsbo
801 1 _aRU
_bELAR
_2rusmarc
852 _aNLR
_j84-3/3408
942 _cBOOK
980 _aNB